000 00453nam a2200169Ia 4500
008 151213s9999 xx 000 0 und d
020 _a007052907-8
100 _aR.A. Breley , S. C. Myers
245 _aPrinciples Of Corporate Finance
_cR.A. Breley , S. C. Myers
250 _a7th
260 _aDelhi
_bTata mc Graw Hill
_c2003
300 _a5362 p.
650 _aFinance
650 _aFinance
700 _aR.A. Breley , S. C. Myers
999 _c3273
_d3273